Cơ sở lí thuyết các quá trình hóa học Dùng cho sinh viên khoa Hóa các trường Đại học tổng hợp và Sư Phạm

שמור ב:
מידע ביבליוגרפי
מחבר ראשי: Vũ Đăng Độ
פורמט: ספר
שפה:Undetermined
יצא לאור: Hà Nội Giáo Dục 1999
נושאים:
תגים: הוספת תג
אין תגיות, היה/י הראשונ/ה לתייג את הרשומה!
Thư viện lưu trữ: Trung tâm Học liệu Trường Đại học Cần Thơ
LEADER 00602nam a2200181Ia 4500
001 CTU_47438
008 210402s9999 xx 000 0 und d
082 |a 541 
082 |b Đ450/1999 
100 |a Vũ Đăng Độ 
245 0 |a Cơ sở lí thuyết các quá trình hóa học 
245 0 |b Dùng cho sinh viên khoa Hóa các trường Đại học tổng hợp và Sư Phạm 
245 0 |c Vũ Đăng Độ 
260 |a Hà Nội 
260 |b Giáo Dục 
260 |c 1999 
650 |a chemistry 
980 |a Trung tâm Học liệu Trường Đại học Cần Thơ